000
00300nam a2200109 4500
999
_c
507217
_d
507217
082
_a
Q813x54 1984-88
100
_a
India. National Crime Records Bureau
_9
1127
245
_a
Accidental deaths and suicides in India 1984-88
260
_a
New Delhi
_b
Government of India
300
_a
v.p.
942
_2
ddc